[Event "Challenge"]
[Site "http://www.queenalice.com/game.php?id=862204"]
[Date "2010.11.22"]
[Round "-"]
[White "pokemon"]
[Black "Battah"]
[Result "1-0"]
[WhiteElo "1496"]
[BlackElo "1139"]

1. d4 d5 2. e3 f6 3. Qh5+ g6 4. Qd1 e5 5. c3 e4 6. f3 f5 7. Qa4+ Bd7 8. Qb3 Qh4+
9. g3 Qe7 10. Qxb7 Bc6 11. Bb5 Qd7 12. Bxc6 Qxc6 13. Qb3 Na6 14. Nd2 Nf6 15. Qc2
Bh6 16. f4 O-O-O 17. Nb3 Ng4 18. h3 Nf6 19. Bd2 g5 20. O-O-O gxf4 21. exf4 Qa4
22. a3 c5 23. Nxc5 Qxc2+ 24. Kxc2 Nxc5 25. dxc5 d4 26. cxd4 Rxd4 27. Ne2 Rc4+
28. Kb1 Rxc5 29. Rc1 Bf8 30. Nd4 Kb7 31. Rxc5 Bxc5 32. Bc3 e3 33. Nxf5 Nd5 34.
Bxh8 e2 35. Re1 Bxa3 36. bxa3 Nc3+ 37. Bxc3 1-0

[Event "Let's Play Chess!"]
[Site "http://www.queenalice.com/game.php?id=862275"]
[Date "2010.11.22"]
[Round "-"]
[White "elche"]
[Black "Battah"]
[Result "1-0"]
[WhiteElo "1733"]
[BlackElo "1100"]

1. e4 d5 2. exd5 Qxd5 3. Nf3 Bg4 4. Be2 Nf6 5. Nc3 Qh5 6. d4 Ne4 7. Nxe4 Qa5+ 8.
c3 Bxf3 9. Bxf3 Nc6 10. O-O O-O-O 11. Ng5 h6 12. Nxf7 Rg8 13. Nxd8 Nxd8 14. Bg4+
e6 15. d5 Bd6 16. Bxe6+ Nxe6 17. dxe6 Qe5 18. g3 Qxe6 19. Re1 Qh3 20. Qf3 Rf8
21. Qg2 Qxg2+ 22. Kxg2 Bc5 23. Be3 Bd6 24. f4 g5 25. fxg5 hxg5 26. Bxg5 Bc5 27.
Rad1 Rf2+ 28. Kh3 b6 29. b4 Bf8 30. Re8+ Kb7 31. Rdd8 Bd6 32. Be7 Rxa2 33. Bxd6
cxd6 34. Rxd6 Kc7 35. Rd3 a5 36. bxa5 bxa5 37. Re7+ Kb6 38. c4 Kc5 39. Rc7+ Kb4
40. c5 a4 41. Rd8 a3 42. Ra8 Kb3 43. c6 Rc2 44. Rb7+ Ka2 45. c7 Rxc7 46. Rxc7
Kb2 47. Rca7 a2 48. Rxa2+ Kc1 49. Rb8 Kd1 50. Rb1# 1-0

[Event "Let's Play Chess!"]
[Site "http://www.queenalice.com/game.php?id=863253"]
[Date "2010.11.24"]
[Round "-"]
[White "Battah"]
[Black "fortunato"]
[Result "0-1"]
[WhiteElo "1180"]
[BlackElo "2021"]

1. d4 d5 2. e3 Nc6 3. Bb5 e6 4. Nc3 Bd6 5. e4 dxe4 6. Nxe4 Nf6 7. Nxf6+ Qxf6 8.
Be3 O-O 9. Bxc6 bxc6 10. Nf3 Ba6 11. Bg5 Qf5 12. g4 Qe4+ 13. Be3 Bf4 14. h3 Rab8
15. b3 Bxe3 16. fxe3 Qxe3+ 17. Qe2 Qxe2# 0-1

[Event "Let's Play Chess!"]
[Site "http://www.queenalice.com/game.php?id=863473"]
[Date "2010.11.25"]
[Round "-"]
[White "Battah"]
[Black "Aldino"]
[Result "0-1"]
[WhiteElo "1100"]
[BlackElo "2109"]

1. d4 d5 2. e3 Nf6 3. f4 Bg4 4. Nf3 e6 5. h3 Bh5 6. g4 Bg6 7. g5 Ne4 8. Bd3 Bd6
9. Ne5 Bxe5 10. dxe5 Nc6 11. Nc3 Qe7 12. Bxe4 dxe4 13. Nb5 Qb4+ 14. Bd2 Qxb5 15.
b3 Qc5 16. a3 Qe7 17. Qe2 O-O-O 18. O-O-O Qxa3+ 0-1

[Event "Challenge"]
[Site "http://www.queenalice.com/game.php?id=865627"]
[Date "2010.11.29"]
[Round "-"]
[White "Battah"]
[Black "terriple"]
[Result "0-1"]
[WhiteElo "1180"]
[BlackElo "1765"]

1. d4 d5 2. e3 Nf6 3. f4 Bf5 4. g4 Bxg4 5. Be2 Bxe2 6. Qxe2 e6 7. c3 Ne4 8. Nd2
Qh4+ 9. Kd1 Nf2+ 10. Kc2 Nxh1 11. Ndf3 Qg4 12. a4 Be7 13. Bd2 Bh4 14. Ne5 Qxe2
15. Nxe2 Nf2 16. Rg1 g6 17. b4 Nc6 18. b5 Nxe5 19. fxe5 c6 20. Be1 g5 21. Rg2
Ne4 22. Bxh4 gxh4 23. Rg7 h6 24. Nf4 Ng5 25. Nh5 Ke7 26. Nf6 Rac8 27. bxc6 Rxc6
28. Kd3 Rhc8 29. Rh7 Rxc3+ 30. Kd2 Rc2+ 31. Kd3 R8c3# 0-1

[Event "Challenge"]
[Site "http://www.queenalice.com/game.php?id=869021"]
[Date "2010.12.7"]
[Round "-"]
[White "skizytuss"]
[Black "Battah"]
[Result "0-1"]
[WhiteElo "1100"]
[BlackElo "1176"]

1. d3 d5 2. e4 e5 3. Nd2 d4 4. Ngf3 Bg4 5. Be2 Nc6 6. h3 Bxf3 7. Bxf3 Nf6 8. c4
dxc3 9. bxc3 Qxd3 10. Be2 Qxc3 11. Rb1 Nxe4 12. O-O Nxd2 13. Qxd2 Qc5 14. Rxb7
Nd4 15. Kh1 O-O-O 16. Ba6 Qc6 17. Rxc7+ Kxc7 18. Qa5+ Kd6 19. Ba3+ Kd7 20. Rd1
Bxa3 21. Bb5 Ke6 22. Bxc6 Nxc6 23. Rxd8 Nxa5 24. Rxh8 h6 25. Re8+ Kf6 26. Ra8
Nc6 27. Rc8 Nd4 28. Rc3 Bd6 29. Ra3 Bxa3 0-1

[Event "Challenge"]
[Site "http://www.queenalice.com/game.php?id=869960"]
[Date "2010.12.9"]
[Round "-"]
[White "Battah"]
[Black "skizytuss"]
[Result "1-0"]
[WhiteElo "1131"]
[BlackElo "1168"]

1. d4 d5 2. e3 Nc6 3. Bb5 Bd7 4. Bxc6 Bxc6 5. f4 Nf6 6. b3 e6 7. Qf3 Bb4+ 8. c3
O-O 9. cxb4 h6 10. Nc3 Ne4 11. Nxe4 dxe4 12. Qd1 Bb5 13. Qc2 Qh4+ 14. g3 Qe7 15.
Qxe4 Qxb4+ 16. Bd2 Qa3 17. Qxb7 Qb2 18. Rc1 c6 19. Ne2 Bxe2 20. Kxe2 Qxa2 21.
Ra1 Rab8 22. Qxc6 Qxb3 23. Rxa7 Rfc8 24. Qd7 Qc4+ 25. Kf3 Rd8 26. Qxf7+ 1-0

[Event "Challenge"]
[Site "http://www.queenalice.com/game.php?id=869961"]
[Date "2010.12.9"]
[Round "-"]
[White "skizytuss"]
[Black "Battah"]
[Result "1-0"]
[WhiteElo "1023"]
[BlackElo "1203"]

1. e4 d5 2. d3 e5 3. Nf3 Nc6 4. g3 Bg4 5. Nc3 Nd4 6. Bg2 h5 7. Bg5 Qxg5 8. O-O
Bxf3 9. Bxf3 h4 10. Nxd5 O-O-O 11. c3 c6 12. cxd4 cxd5 13. Rc1+ Kb8 14. Bg4 dxe4
15. Rc8+ Rxc8 16. Bxc8 Kxc8 17. Qc2+ Kb8 18. Rc1 Ne7 19. Qc7+ Ka8 20. Qd8+ 1-0

[Event "AUTO-INT-1896"]
[Site "http://www.queenalice.com/game.php?id=870336"]
[Date "2010.12.10"]
[Round "1"]
[White "Bricky"]
[Black "Battah"]
[Result "1-0"]
[WhiteElo "1445"]
[BlackElo "1230"]

1. e4 d5 2. exd5 Qxd5 3. Nf3 Bg4 4. Be2 e5 5. Nc3 Qa5 6. Bb5+ c6 7. Be2 Bb4 8.
O-O Nf6 9. Nxe5 Qxe5 10. Bxg4 O-O 11. d4 Qa5 12. Bd2 Nxg4 13. Qxg4 f5 14. Qg3
Bxc3 15. Bxc3 Qd8 16. d5 Qxd5 17. Qxg7# 1-0

[Event "AUTO-INT-1896"]
[Site "http://www.queenalice.com/game.php?id=870337"]
[Date "2010.12.10"]
[Round "1"]
[White "Battah"]
[Black "Bricky"]
[Result "1-0"]
[WhiteElo "1136"]
[BlackElo "1544"]

1. d4 d5 2. e3 e6 3. f4 Nc6 4. Bb5 Bd7 5. Nc3 Bb4 6. Nf3 Bxc3+ 7. bxc3 Nf6 8.
Ba3 Ne4 9. Ng5 Nxc3 10. Qh5 g6 11. Qf3 Nxb5 12. Bc5 Nd6 13. O-O Qf6 14. Bxd6
cxd6 15. Rab1 b6 16. a4 O-O 17. e4 Qxd4+ 18. Kh1 dxe4 19. Nxe4 f5 20. Rbd1 Qxe4
21. Rxd6 Qxf3 22. Rxf3 Nb8 23. c4 Bxa4 24. Rxe6 Rd8 25. h4 1-0

[Event "AUTO-INT-1896"]
[Site "http://www.queenalice.com/game.php?id=870350"]
[Date "2010.12.10"]
[Round "1"]
[White "filou"]
[Black "Battah"]
[Result "1-0"]
[WhiteElo "1675"]
[BlackElo "1149"]

1. e4 d5 2. exd5 Qxd5 3. Nc3 Qe6+ 4. Be2 Nc6 5. Nf3 Nf6 6. d4 Ne4 7. Nb5 Qd5 8.
Nxc7+ Kd7 9. Nxd5 e6 10. Nc3 Bb4 11. Ne5+ Ke8 12. O-O Nxc3 13. Qd3 f6 14. Nxc6
e5 15. Nxb4 a5 16. bxc3 g6 17. Nd5 f5 18. Nc7+ Kf8 19. Nxa8 e4 20. Qc4 f4 21.
Bxf4 Kg7 22. Rab1 Rf8 23. Be3 h5 24. Qc7+ Kh8 25. d5 Bg4 26. Bd4+ Kg8 27. Qg7#
1-0

[Event "AUTO-INT-1896"]
[Site "http://www.queenalice.com/game.php?id=870351"]
[Date "2010.12.10"]
[Round "1"]
[White "Battah"]
[Black "filou"]
[Result "0-1"]
[WhiteElo "1136"]
[BlackElo "1628"]

1. d4 d5 2. e3 f5 3. f4 e6 4. c3 Qd6 5. Nf3 Nf6 6. Ne5 a6 7. Bd3 Bd7 8. g4 fxg4
9. c4 dxc4 10. Nxc4 Qd5 11. O-O Bc6 12. f5 Qg2# 0-1

[Event "AUTO-INT-1896"]
[Site "http://www.queenalice.com/game.php?id=870360"]
[Date "2010.12.10"]
[Round "1"]
[White "Battah"]
[Black "mjKoviak"]
[Result "0-1"]
[WhiteElo "1173"]
[BlackElo "1792"]

1. d4 e6 2. e4 d5 3. e5 c5 4. Bb5+ Bd7 5. Bxd7+ Nxd7 6. Nf3 cxd4 7. Nxd4 Nxe5 8.
O-O Nf6 9. Bg5 Be7 10. Bxf6 Bxf6 11. b3 Nc6 12. c3 Bxd4 13. cxd4 O-O 14. Qg4 Qf6
15. Nd2 Nxd4 16. Nf3 Nxf3+ 17. Qxf3 Qxf3 18. gxf3 Rac8 19. a4 Rc3 20. b4 Rxf3
21. Rac1 Rf4 22. Rb1 a5 23. bxa5 Rxa4 24. Rb5 g6 25. Rxb7 Rxa5 26. Rfb1 d4 27.
h4 Rd8 28. Kg2 d3 29. f4 d2 30. Rd1 Rc5 31. Kf2 Rc1 32. Rxd2 Rxd2+ 33. Kg3 Rc3+
34. Kg4 h5+ 35. Kg5 Kg7 36. f5 gxf5 37. Kxh5 f4 38. Rb5 Rg3 39. Rb2 Rd5# 0-1

[Event "AUTO-INT-1896"]
[Site "http://www.queenalice.com/game.php?id=870361"]
[Date "2010.12.10"]
[Round "1"]
[White "mjKoviak"]
[Black "Battah"]
[Result "1-0"]
[WhiteElo "1672"]
[BlackElo "1136"]

1. e4 d5 2. exd5 Qxd5 3. Nc3 Qe5+ 4. Be2 Bg4 5. d4 Bxe2 6. Ngxe2 Nc6 7. dxe5
Nxe5 8. Bf4 Nd7 9. Bxc7 Nc5 10. O-O e5 11. Bxe5 Nd7 12. f4 O-O-O 13. Qd5 f6 14.
Bd6 Nb6 15. Qc5+ Kd7 16. Qc7+ Ke8 17. Bxf8 Rc8 18. Qxg7 Nc4 19. Qxh8 Kxf8 20.
Qxh7 Re8 21. Rfd1 Ne3 22. Rd7 Re7 23. Rxe7 Nxe7 24. Nd4 Ng4 25. Ne6+ Ke8 26. Rd1
Ne3 27. Rd8# 1-0

[Event "Challenge"]
[Site "http://www.queenalice.com/game.php?id=870412"]
[Date "2010.12.10"]
[Round "-"]
[White "xadereza1"]
[Black "Battah"]
[Result "1/2-1/2"]
[WhiteElo "1516"]
[BlackElo "1136"]

1. b4 e6 2. b5 c5 3. c4 d5 4. e3 d4 5. Qe2 Nf6 6. h3 Ne4 7. Bb2 d3 8. Qxd3 Qxd3
9. Bxd3 Nd6 10. Nc3 b6 11. Ne4 Nxe4 12. Bxe4 Bd6 13. Bxa8 O-O 14. Nf3 Nd7 15. a4
f5 16. Bc6 Nf6 17. a5 bxa5 18. Bxf6 Rxf6 19. Rxa5 g5 20. Rxa7 g4 21. Ra8 gxf3
22. Rxc8+ Bf8 23. Bxf3 f4 24. exf4 Rxf4 25. d3 Kg7 26. b6 Bd6 27. b7 e5 28. b8=Q
Bxb8 29. Rxb8 Kg6 30. O-O h5 31. Ra1 e4 32. Bxe4+ Kg5 33. Rb5 Kh4 34. Rxc5 Rxe4
35. Raa5 Re1+ 36. Kh2 Rh1+ 37. Kxh1 1/2-1/2

[Event "Let's Play Chess!"]
[Site "http://www.queenalice.com/game.php?id=871755"]
[Date "2010.12.14"]
[Round "-"]
[White "Abstro"]
[Black "Battah"]
[Result "1-0"]
[WhiteElo "1831"]
[BlackElo "1136"]

1. d4 d5 2. c4 dxc4 3. e4 Nc6 4. d5 Ne5 5. f4 Bg4 6. Qa4+ c6 7. fxe5 b5 8. Qb4
a5 9. Qc5 e6 10. Qxc6+ Ke7 11. d6+ 1-0

[Event "Challenge"]
[Site "http://www.queenalice.com/game.php?id=872010"]
[Date "2010.12.14"]
[Round "-"]
[White "skizytuss"]
[Black "Battah"]
[Result "1-0"]
[WhiteElo "1200"]
[BlackElo "1173"]

1. d4 c5 2. Be3 Nc6 3. Nc3 cxd4 4. Bxd4 Nxd4 5. Qxd4 e6 6. Nf3 d5 7. Qe3 Bb4 8.
O-O-O Ne7 9. a3 Nf5 10. Qd3 d4 11. axb4 O-O 12. Nxd4 Nxd4 13. Qxd4 Qxd4 14. Rxd4
e5 15. Rd5 f6 16. g3 Be6 17. Bg2 Bxd5 18. Bxd5+ Kh8 19. Bxb7 Rad8 20. Rd1 Rd4
21. Rxd4 exd4 22. Nb5 Re8 23. Nxd4 h5 24. h4 Rb8 25. Bf3 Rxb4 26. Nc6 Ra4 27.
Bxh5 g5 28. Kd2 a5 29. hxg5 fxg5 30. Be8 Rc4 31. b3 Rc5 32. b4 Rd5+ 33. Ke3 axb4
34. Ke4 Rc5 35. Nxb4 Rc4+ 36. Kf5 Rxb4 37. Kxg5 Kg7 38. f4 Rb2 39. e4 Rxc2 40.
g4 Rc5+ 41. f5 Kf8 42. Bh5 Rc6 43. e5 Kg7 44. f6+ Kf8 45. Kf5 Rc7 46. g5 Re7 47.
fxe7+ Kxe7 48. e6 Kf8 49. Kf6 Kg8 50. e7 Kh7 51. Bg6+ Kg8 52. e8=R# 1-0

[Event "Challenge"]
[Site "http://www.queenalice.com/game.php?id=875872"]
[Date "2010.12.23"]
[Round "-"]
[White "Tuco"]
[Black "Battah"]
[Result "1-0"]
[WhiteElo "1429"]
[BlackElo "1157"]

1. e4 d5 2. exd5 Qxd5 3. d4 Nc6 4. Nc3 Qxd4 5. Nf3 Qd8 6. Bc4 Bg4 7. Qd5 e6 8.
Qxd8+ Nxd8 9. h3 Bxf3 10. gxf3 Bb4 11. Bb5+ c6 12. Ba4 f5 13. O-O Nf7 14. Bf4 e5
15. Rfe1 O-O-O 16. Bxe5 Rd2 17. Bxg7 Rxc2 18. Bxc2 Ng5 19. Bxf5+ Kc7 20. Bxh8
Nxf3+ 21. Kf1 Bd6 22. Rac1 Bh2 23. Nd5+ Kd6 24. Kg2 Nxe1+ 25. Rxe1 cxd5 26. Re6+
Kc5 27. Kxh2 b5 28. Re8 Nh6 29. Rc8+ Kd6 30. Bxh7 d4 31. Bxd4 Kd5 32. Rd8+ Kc4
33. f4 Ng4+ 34. hxg4 b4 35. b3+ Kb5 36. Bd3+ Kc6 37. g5 a5 38. g6 a4 39. bxa4 b3
40. axb3 Kb7 41. g7 Kc7 42. g8=Q Kc6 43. Qd5+ Kc7 44. Qd7# 1-0

[Event "Let's Play Chess!"]
[Site "http://www.queenalice.com/game.php?id=877509"]
[Date "2010.12.27"]
[Round "-"]
[White "rebellionkid"]
[Black "Battah"]
[Result "1-0"]
[WhiteElo "1397"]
[BlackElo "1157"]

1. d4 d5 2. Nc3 e6 3. e4 c5 4. Nf3 c4 5. e5 Bb4 6. a3 Qa5 7. Bd2 Ne7 8. axb4
Qxb4 9. Nxd5 Nxd5 10. Bxb4 Nxb4 11. Bxc4 O-O 12. O-O Bd7 13. d5 Nxd5 14. Bxd5
Rc8 15. Bxb7 Bb5 16. Bxc8 Bxf1 17. Qd8# 1-0